000 00548nam a2200169Ia 4500
003 IN-BaIIA
008 211028s9999 xx 000 0 eng d
040 _cIIA Library
080 _a081:53
_bIAS-1
110 _aIndian Academy of Sciences
_910518
245 0 _aSelected papers of K. R. Ramanathan
_bvol. 1
_cIndian Academy of Sciences
260 _aBangalore
_bIndian Academy of Sciences
_c1983
300 _axix, 609p.
650 _aK R Ramanathan collected works
_913155
650 _aNASA Thesaurus
942 _cBK
999 _c7789
_d7789